[Event "Asian Schools-ch U15 12th Rapid"]
[White "Hejrati, Mohammad Mahdi"]
[Black "Abbasi, Danial"]
[Site "Tehran"]
[Round "3.4"]
[Result "1-0"]
[Date "2016.07.10"]
[WhiteElo "1898"]
[BlackElo "1819"]
[PlyCount "67"]
[EventDate "2016.07.10"]
[EventType "swiss"]
[EventRounds "7"]
[EventCountry "IRI"]
[SourceTitle "EXT 2024"]
[Source "ChessBase"]
[SourceDate "2023.10.10"]
[SourceVersion "1"]
[SourceVersionDate "2023.10.10"]
[SourceQuality "1"]

1. e4 c5 2. c3 g6 3. d4 cxd4 4. cxd4 d5 5. exd5 Nf6 6. Nf3 Bg7 7. Nc3 Nxd5 8. Qb3 Nb6 9. Bb5+ Bd7 10. Be3 0-0 11. 0-0 Be6 12. Qc2 a6 13. Bd3 Nc6 14. Be2 Rc8 15. Rad1 Nd5 16. Qd2 Nxe3 17. Qxe3 Bg4 18. d5 Nb8 19. h3 Bxf3 20. Bxf3 Qd6 21. Ne4 Qe5 22. b3 Nd7 23. Rc1 Rxc1 24. Rxc1 f5 25. Ng5 Qxe3 26. fxe3 Bh6 27. h4 Ne5 28. Rc7 b5 29. Rxe7 Nxf3+ 30. gxf3 Rd8 31. e4 Bxg5 32. hxg5 Rc8 33. d6 Rd8 34. e5 1-0